000 00445 a2200145 4500
999 _c7183
_d7183
020 _a0788120341562
050 _aHB 615 RAI 2010
100 _aRaichaudhuri, Anjan
_eauthor
245 _aManaging new ventures :
_bconcepts and cases on entrepreneurship
_cAnjan Raichaudhuri
264 _aNew Delhi :
_bPHI Learning
_c2010
300 _axii; 228p. :
_bill.
500 _aIncludes index
650 _aEntrepreneurship.
942 _2lcc
_cBK
_h615
_iRAI
_kHB